000 00833nam a22003017a 4500
001 0041698
003 KOHA_MİRAKIL
005 20260207003246.0
007 ta
008 130815b2012 tu a|||gr||||#||||0|tur |
020 _a9786051332529
040 _aTR-BiSEU
_btur
_cTR-BiSEU
_erda
041 0 _atur
044 _ctu
050 _aQD31.2
_b.A47 2012
100 1 _aAlpaydın, Sabri.
245 1 _aGenel kimya/
_cSabri Alpaydın ; Sabri Alpaydın, Abdullah Şimşek .
264 1 _aAnkara :
_bNobel Yayınları
_c2012
300 _a444 sayfa :
_bresimli ;
_c24 cm.
336 _ametin
_btxt
_2rdacontent
337 _aaracısız
_bn
_2rdamedia
338 _acilt
_bnc
_2rdacarrier
500 _aDizin var.
500 _aKaynakça var.
650 0 _aKimya.
_91495
650 0 _aGenel Kimya.
_91508
942 _2lcc
_cBK
999 _c41547
_d41547